Mathematics-- the music of reason
Αποθηκεύτηκε σε:
| Κύριος συγγραφέας: | |
|---|---|
| Μορφή: | Βιβλίο |
| Γλώσσα: | English |
| Δημοσίευση: |
Berlin :
New York, Springer-Verlag,
1992
|
| Θέματα: | |
| Ετικέτες: |
Προσθήκη ετικέτας
Δεν υπάρχουν, Καταχωρήστε ετικέτα πρώτοι!
|
MARC
| LEADER | 00000cam a2200000 i 4500 | ||
|---|---|---|---|
| 001 | 1/29676 | ||
| 008 | 941103s1992 eng d | ||
| 020 | |a 354053346X | ||
| 020 | |a 038753346X | ||
| 035 | |l 10038379 | ||
| 040 | |a GR-MY-UA |b gre |e aacr | ||
| 041 | 0 | |a eng | |
| 082 | 0 | |a 510 | |
| 100 | 1 | |a Dieudonne, Jean Alexandre |d 1906- | |
| 245 | 1 | 0 | |a Mathematics-- the music of reason / |c Jean Dieudonne ; translated by H.G. and HC. Dales |
| 260 | |a Berlin : |b New York, |b Springer-Verlag, |c 1992 | ||
| 300 | |a x, 287 p.; |b ill.; |c 24 cm | ||
| 504 | |a Includes bibliographical references and indexes | ||
| 650 | 0 | 0 | |a Mathematics. |
| 852 | |a INST |b SAMOS |e 19941103 |h 510 DIE |p 005300007045 |q 005300007045 |t BK |y 0 | ||
| 909 | |a Σ |b 033616 | ||